000 00455nam a2200181Ia 4500
005 20250326124822.0
008 250326s9999 xx 000 0 und d
037 _aTextbook
040 _aFMSL
_beng
_cFMSL
041 _aeng
_2eng
084 _aX:8D K8;1
_qFMSL
100 _aPaish F W
245 0 _aBusiness fice
_cPaish F W
260 _aNY
_bNY, Pitman
_c1968
300 _a167p
942 _cTB
_hX:8D K8;1
999 _c1275350
_d1275350